มุมมองปกติ
มุมมองแบบ MARC
- พล้อย พรปรีชา
รายการ Personal Name
001 - CONTROL NUMBER
- control field: 26268
003 - CONTROL NUMBER IDENTIFIER
- control field: NALT
005 - DATE AND TIME OF LATEST TRANSACTION
- control field: 20180305104821.0
008 - FIXED-LENGTH DATA ELEMENTS
- fixed length control field: 180305|| aca||aabn | a|a d
040 ## - CATALOGING SOURCE
- Original cataloging agency: NALT
100 ## - HEADING--PERSONAL NAME
- Personal name: พล้อย พรปรีชา
